00450nam a22001697a 450000500170000001000130001702000260003003500130005603700240006908200060009310000170009924500350011626000380015127000350018930000210022449000350024520111102115747.0 aB-444628 a9780439846769c299.00 aB-444628 bBlue Berry/VenaDPL aN aNimmo, Jenny aEmlyn's Moon /cby Jenny Nimmo bScholastic India c2007aNew York a557 BroadwaybNew Yorke10012 a152p.c21cm (Hb) aThe magician trilogy: Book two